000 00710nam a2200229Ia 4500
003 OSt
005 20220923212156.0
006 a|||||r|||| 00| 0
007 ta
008 220922b |||||||| |||| 00| 0 hin d
024 _a151,392
037 _cTextual
040 _aARTS
_cARTS
_bhin
041 _2hin
_ahin
082 _aO:1M65:11, 152K5
100 _aईट्स, विलियम बटलर
245 0 _aमरकत द्वीप का स्वर, बच्चन अनु
246 _aMarakat dvīp kā svara, bachchan anu0
260 _c1965
942 _hO:1M65:11, 152K5
_cTEXL
_2CC
999 _c307065
_d307065